| 000 | 00604nam a22001817a 4500 | ||
|---|---|---|---|
| 003 | OSt | ||
| 005 | 20220107122831.0 | ||
| 008 | 170731b xxu||||| |||| 00| 0 eng d | ||
| 040 | _cIIITMK | ||
| 100 |
_aArun, P (92315004) _912431 |
||
| 245 | _aIdentification of shortest path for tourist places in thiruvananthapuram using gis based network analysis | ||
| 300 | _aMSC GIS - Main Project | ||
| 502 |
_bMSC GIS _c2015-2017 _dEXT _eMr Saran M S Regional Transportation Division, NATPAC |
||
| 650 |
_aNETWORK ANALYSIS _912432 |
||
| 650 |
_aGIS _912433 |
||
| 650 |
_aTOURISM _912434 |
||
| 942 |
_2ddc _cPR |
||
| 999 |
_c5757 _d5757 |
||